000 01177cam a2200313 a 4500
999 _c129541
_d129541
001 14785077
003 ARRUPE
005 20190503091814.0
008 070327s2007 ke a b 001 0 eng
010 _a 2007380382
020 _a9966846948
040 _aDLC
_cDLC
_dDLC
042 _alcode
043 _af-ke---
050 _aJC423.G6
245 0 0 _aGovernance and transition politics in Kenya /
_ceditors, Peter Wanyande, Mary Omosa, Chweya Ludeki.
260 _aNairobi :
_bUniversity of Nairobi Press,
_c2007.
300 _axvii, 311 p. :
_bill. ;
_c21 cm.
504 _aIncludes bibliographical references and index.
650 0 _aDemocratization
_zKenya.
_924908
651 0 _aKenya
_xPolitics and government
_y2002-
_94214
651 0 _aKenya
_xPolitics and government
_y1978-2002.
_946185
700 1 _aWanyande, Peter.
_924888
700 1 _aOmosa, Mary.
_946186
700 1 _aLudeki, Chweya.
_946187
856 4 1 _3Table of contents only
_uhttp://www.loc.gov/catdir/toc/fy0712/2007380382.html
906 _a7
_bcbc
_corigode
_d3
_encip
_f20
_gy-gencatlg
942 _2lcc
_cMONOGRAPH